Central Library OPAC University of Rajshahi

Science in the school garden. (Record no. 74919)

MARC details
000 -LEADER
fixed length control field 00713nam a22002532 4500
001 - CONTROL NUMBER
control field 74919
003 - CONTROL NUMBER IDENTIFIER
rucl marc code BD-RjUL
005 - DATE AND TIME OF LATEST TRANSACTION
control field 20211209082624.0
008 - FIXED-LENGTH DATA ELEMENTS--GENERAL INFORMATION
fixed length control field 181222s1951 enka 000 0 eng d
035 ## - SYSTEM CONTROL NUMBER
System control number OCLC ocm19581236 from D971205M
System control number (BD-RjUL)75137
040 ## - CATALOGING SOURCE
Original cataloging agency VLC
Transcribing agency VLC
Modifying agency UKM
-- EQO
-- BD-RjUL
Language of cataloging eng
041 ## - LANGUAGE CODE
Language code of text/sound track or separate title eng
082 04 - DEWEY DECIMAL CLASSIFICATION NUMBER
Edition number 23
Classification number 635
Author mark and year JOS 1951
100 1# - MAIN ENTRY--PERSONAL NAME
Personal name Johnstone, Mary A.
9 (RLIN) 226271
245 10 - TITLE STATEMENT
Title Science in the school garden.
260 ## - PUBLICATION, DISTRIBUTION, ETC. (IMPRINT)
Place of publication, distribution, etc. London :
Name of publisher, distributor, etc. Macmillan,
Date of publication, distribution, etc. 1951.
300 ## - PHYSICAL DESCRIPTION
Pagination xiv, 176 p.
Illustrations illus.
Size 19 cm.
650 #0 - SUBJECT ADDED ENTRY--TOPICAL TERM
Topical term or geographic name as entry element Horticulture
9 (RLIN) 226272
Topical term or geographic name as entry element School gardens
9 (RLIN) 226273
Topical term or geographic name as entry element Science
General subdivision Study and teaching.
9 (RLIN) 226274
942 ## - ADDED ENTRY ELEMENTS (KOHA)
Source of classification or shelving scheme Dewey Decimal Classification
Koha item type Books
Holdings
Lost status Source of classification or shelving scheme Damaged status Not for loan Collection code Permanent Location Current Location Shelving location Date acquired Source of acquisition Cost, normal purchase price Total Checkouts Full call number Date last seen Copy number Koha item type
  Dewey Decimal Classification   Not For Loan Non-fiction Central Library, University of Rajshahi Central Library, University of Rajshahi Reading Room 09/09/1955 B.H.Blackwell 4.60   635 JOS 1951 22/12/2018 C-1 Books